| 000 | 00754nam a22002417a 4500 | ||
|---|---|---|---|
| 003 | UPN | ||
| 005 | 20250411110338.0 | ||
| 008 | 250409s005 sp| |||frz||| 00| e spa d | ||
| 020 | _a9788471123510 | ||
| 040 |
_aMX-MxUPN _bspa _cMX-MxUPN |
||
| 050 |
_aLC212 T67 _b1992 |
||
| 100 | 1 |
_aTorres, Jorge _d1951- _q(Torres Santomé) _935978 |
|
| 245 | _aEl curriculum oculto | ||
| 250 | _aOctava edición | ||
| 260 |
_aMadrid : _bMorata, _c2005 |
||
| 300 | _a219 páginas | ||
| 490 | _aPedagogía. Manuales | ||
| 500 | _aSustitución Gerardo Reyes. | ||
| 650 | 4 |
_aDiscriminación en la educación _96086 |
|
| 650 | 4 |
_aIgualdad de oportunidades en educación _95002 |
|
| 902 |
_aMarisolLicea/09042025 _bMaiella Martínez / 11042025 |
||
| 942 |
_2lcc _cLIBRO _n0 |
||
| 999 |
_c213070 _d213070 |
||